[Event "CZE-ch U14"]
[Site "Kouty nad Desnou"]
[Date "2013.03.12"]
[Round "4"]
[White "Anaskin, Arsenij"]
[Black "Cach, Jakub"]
[Result "1-0"]
[WhiteElo "1893"]
[BlackElo "1719"]
[PlyCount "133"]
[EventDate "2013.03.09"]
[EventType "swiss"]
[EventRounds "9"]
[EventCountry "CZE"]
[SourceTitle "EXT 2015"]
[Source "ChessBase"]
[SourceDate "2014.11.20"]
[SourceVersion "1"]
[SourceVersionDate "2014.11.20"]
[SourceQuality "1"]

1. e4 e5 2. Nf3 Nc6 3. Bb5 Bc5 4. c3 Nf6 5. d4 exd4 6. e5 Ne4 7. cxd4 Bb4+ 8. Nbd2 Ne7 9. 0-0 Bxd2 10. Bxd2 Nxd2 11. Qxd2 c6 12. Bd3 d5 13. Qg5 0-0 14. Rac1 Qe8 15. Rfe1 h6 16. Qh5 f6 17. Qxe8 Rxe8 18. exf6 gxf6 19. Bg6 Bd7 20. Bxe8 Rxe8 21. Nh4 Kf7 22. Rc3 Rg8 23. Rb3 b6 24. f3 Nc8 25. Ra3 Rg5 26. b4 h5 27. Kf2 Be6 28. Rc3 Bd7 29. b5 c5 30. dxc5 d4 31. c6 Be6 32. Rd3 Rxb5 33. Rxd4 Rc5 34. Rd7+ Ne7 35. Rxa7 Rxc6 36. Nf5 Bxf5 37. Rexe7+ Kg6 38. Rac7 Rd6 39. Re2 Be6 40. Rb2 Bd7 41. Ke1 Ba4 42. Rd2 Re6+ 43. Re2 Rd6 44. Kf2 Bb5 45. Rb2 Ba4 46. Kg3 Bd7 47. Rb7 b5 48. Rc7 Rd5 49. h4 Rd6 50. Rc5 Ra6 51. Rd2 Ra7 52. Rdd5 Be6 53. Rxh5 Rxa2 54. Rxb5 Bc4 55. Ra5 Rb2 56. Rhc5 Bf1 57. h5+ Kh6 58. Rc6 Rxg2+ 59. Kf4 Rb2 60. Rxf6+ Kg7 61. Rg6+ Kh8 62. Ra8+ Kh7 63. Ra7+ Kh8 64. Rd6 Rb8 65. Rad7 Rb5 66. Rd5 Rb6 67. Kg5 1-0

[Event "CZE-ch U14"]
[Site "Kouty nad Desnou"]
[Date "2013.03.09"]
[Round "1"]
[White "Cach, Jakub"]
[Black "Marek, Matyas"]
[Result "0-1"]
[WhiteElo "1719"]
[BlackElo "2003"]
[PlyCount "128"]
[EventDate "2013.03.09"]
[EventType "swiss"]
[EventRounds "9"]
[EventCountry "CZE"]
[SourceTitle "EXT 2015"]
[Source "ChessBase"]
[SourceDate "2014.11.20"]
[SourceVersion "1"]
[SourceVersionDate "2014.11.20"]
[SourceQuality "1"]

1. e4 d6 2. d4 Nf6 3. Nc3 e5 4. dxe5 dxe5 5. Qxd8+ Kxd8 6. Bc4 Be6 7. Bxe6 fxe6 8. Nf3 Bd6 9. Bg5 Nbd7 10. 0-0-0 a6 11. a3 Ke7 12. Nd2 b5 13. Nb3 Rhb8 14. Rd3 a5 15. Rhd1 a4 16. Nd2 Ra6 17. Na2 c5 18. c3 h6 19. Bxf6+ Nxf6 20. f3 Rc6 21. Kb1 Ne8 22. h3 Bc7 23. Nf1 Nf6 24. Ng3 Bd6 25. Rc1 Nd7 26. Nf1 Rcb6 27. Rcd1 R8b7 28. Ne3 Nf6 29. g4 Nh7 30. h4 Nf8 31. Ng2 b4 32. cxb4 cxb4 33. axb4 Bxb4 34. Nxb4 Rxb4 35. R1d2 Nd7 36. Ne1 Nc5 37. Rc3 Nb3 38. Rdc2 Kf6 39. Nd3 Rd4 40. Nc5 Rd1+ 41. Rc1 Nxc1 42. Kc2 Ne2 43. Nxb7 Nxc3 44. Kxc3 Ke7 45. Nc5 Kd6 46. Nxa4 Rf1 47. Nb6 Rxf3+ 48. Kc2 Kc5 49. Nd7+ Kd4 50. g5 Rf7 51. Nb6 Rb7 52. Na4 Rc7+ 53. Kd2 Kxe4 54. Nc3+ Kf3 55. gxh6 gxh6 56. b4 e4 57. Nd1 Rd7+ 58. Ke1 e3 59. Nc3 Rc7 60. Ne2 e5 61. b5 Ra7 62. Ng1+ Kg2 63. b6 Ra1+ 64. Ke2 Kxg1 0-1

[Event "CZE-chTE U20 1213"]
[Site "Czech Republic"]
[Date "2012.11.21"]
[Round "5.3"]
[White "Cach, Jakub"]
[Black "Vlckova, Katerina"]
[Result "0-1"]
[WhiteElo "1697"]
[BlackElo "1846"]
[PlyCount "60"]
[EventDate "2012.10.06"]
[EventType "team-tourn"]
[EventRounds "11"]
[EventCountry "CZE"]
[SourceTitle "EXT 2015"]
[Source "ChessBase"]
[SourceDate "2014.11.20"]
[SourceVersion "1"]
[SourceVersionDate "2014.11.20"]
[SourceQuality "1"]
[WhiteTeam "Polabiny (U20) II"]
[BlackTeam "Polabiny (U20)"]
[WhiteTeamCountry "CZE"]
[BlackTeamCountry "CZE"]

1. e4 e5 2. Nf3 Nc6 3. d4 exd4 4. Nxd4 Bc5 5. Be3 Qf6 6. c3 Nge7 7. Qf3 Nxd4 8. Qxf6 Nc2+ 9. Kd2 Bxe3+ 10. fxe3 gxf6 11. Kxc2 d5 12. Bd3 Rg8 13. g3 dxe4 14. Bxe4 Bf5 15. Nd2 0-0-0 16. Bxf5+ Nxf5 17. Rae1 Rge8 18. e4 Nd6 19. Rhf1 Re6 20. Rf4 Rde8 21. Rh4 f5 22. e5 f6 23. Rxh7 fxe5 24. Nf3 e4 25. Nd4 Rf6 26. b3 f4 27. gxf4 Rxf4 28. Re2 c5 29. Rh6 cxd4 30. cxd4 Nf5 0-1

[Event "Czech Fed-ch U14"]
[Site "Hrdonov"]
[Date "2012.10.27"]
[Round "9"]
[White "Cach, Jakub"]
[Black "Truksa, Vaclav1111"]
[Result "1-0"]
[WhiteElo "1697"]
[BlackElo "1662"]
[PlyCount "40"]
[EventDate "2012.10.20"]
[EventType "swiss"]
[EventRounds "9"]
[EventCountry "CZE"]
[SourceTitle "CBM 151 Extra"]
[Source "ChessBase"]
[SourceDate "2012.12.18"]
[SourceVersion "1"]
[SourceVersionDate "2012.12.18"]
[SourceQuality "1"]

1. e4 c5 2. Nf3 d6 3. d4 cxd4 4. Nxd4 Nf6 5. Nc3 a6 6. Be2 e6 7. a4 b6 8. 0-0 Be7 9. Bf3 Ra7 10. Re1 Qc7 11. Be3 Bb7 12. Ndb5 axb5 13. Nxb5 Qd7 14. Nxa7 Bxe4 15. Bxe4 Nxe4 16. Bxb6 Nf6 17. Nb5 Nd5 18. Be3 0-0 19. c4 Nxe3 20. Rxe3 Qc7 1-0

[Event "Czech Fed-ch U14"]
[Site "Hrdonov"]
[Date "2012.10.22"]
[Round "3"]
[White "Cach, Jakub"]
[Black "Szucs, Matyas"]
[Result "1/2-1/2"]
[WhiteElo "1697"]
[BlackElo "1934"]
[PlyCount "65"]
[EventDate "2012.10.20"]
[EventType "swiss"]
[EventRounds "9"]
[EventCountry "CZE"]
[SourceTitle "CBM 151 Extra"]
[Source "ChessBase"]
[SourceDate "2012.12.18"]
[SourceVersion "1"]
[SourceVersionDate "2012.12.18"]
[SourceQuality "1"]

1. e4 e6 2. d4 d5 3. exd5 exd5 4. Bd3 Bd6 5. Ne2 Nf6 6. Bg5 Be6 7. Nd2 Nc6 8. c3 h6 9. Bh4 g5 10. Bg3 Bxg3 11. Nxg3 Ne7 12. Qb3 b6 13. 0-0-0 Ng4 14. Rdf1 Qd6 15. Nf3 0-0-0 16. Qc2 Kb8 17. h3 Nf6 18. Re1 Nd7 19. Kb1 Rde8 20. Nf5 Nxf5 21. Bxf5 Qf4 22. Bxe6 fxe6 23. Ne5 Nxe5 24. Rxe5 Rhf8 25. f3 Qf6 26. Rhe1 Re7 27. Qe2 Rfe8 28. a4 a5 29. b4 axb4 30. cxb4 Qf4 31. Qd3 c6 32. Qc3 Kb7 33. Rc1 1/2-1/2

[Event "Czech Fed-ch U14"]
[Site "Hrdonov"]
[Date "2012.10.21"]
[Round "2"]
[White "Simet, Martin"]
[Black "Cach, Jakub"]
[Result "0-1"]
[WhiteElo "1816"]
[BlackElo "1697"]
[PlyCount "114"]
[EventDate "2012.10.20"]
[EventType "swiss"]
[EventRounds "9"]
[EventCountry "CZE"]
[SourceTitle "CBM 151 Extra"]
[Source "ChessBase"]
[SourceDate "2012.12.18"]
[SourceVersion "1"]
[SourceVersionDate "2012.12.18"]
[SourceQuality "1"]

1. e4 e5 2. Nf3 Nc6 3. Bb5 Bc5 4. Nc3 Nf6 5. 0-0 d6 6. d4 exd4 7. Nxd4 Bxd4 8. Bxc6+ bxc6 9. Qxd4 0-0 10. Bg5 h6 11. Bxf6 Qxf6 12. Qxf6 gxf6 13. Rfe1 Rb8 14. Rab1 Kh7 15. Re3 Rg8 16. b3 Be6 17. Rd1 Rbd8 18. f4 Rge8 19. Rg3 f5 20. a4 Kh8 21. Rd2 fxe4 22. Nxe4 Bf5 23. Nc3 Re1+ 24. Kf2 Rc1 25. Na2 Rxc2 26. Rxc2 Bxc2 27. Nb4 Be4 28. Re3 f5 29. g4 Rb8 30. Na6 Rb7 31. gxf5 Bxf5 32. Re8+ Kg7 33. Re7+ Kf6 34. Rxc7 Rxc7 35. Nxc7 Bc2 36. Ne8+ Ke6 37. b4 Bxa4 38. f5+ Kxf5 39. Nxd6+ Ke6 40. Nc8 Kd7 41. Nxa7 Kc7 42. Kg3 Kb7 43. Nxc6 Kxc6 44. Kf4 h5 45. Ke5 Kb5 46. Kd5 Kxb4 47. Kd4 Bd1 48. h3 Bf3 49. Ke3 Bg2 50. h4 Bh3 51. Kd4 Bg4 52. Kd3 Kc5 53. Ke3 Kd5 54. Kf4 Kd4 55. Kg3 Ke4 56. Kf2 Kf4 57. Kg2 Bc8 0-1